<?xml version="1.0" encoding="UTF-8"?>
<record
    xmlns:xsi="http://www.w3.org/2001/XMLSchema-instance"
    xsi:schemaLocation="http://www.loc.gov/MARC21/slim http://www.loc.gov/standards/marcxml/schema/MARC21slim.xsd"
    xmlns="http://www.loc.gov/MARC21/slim">

  <leader>01506nam a22003132  4500</leader>
  <controlfield tag="001">15375</controlfield>
  <controlfield tag="003">BD-RjUL</controlfield>
  <controlfield tag="005">20211208235814.0</controlfield>
  <controlfield tag="008">140210s1965    enka   g      001 0 eng d</controlfield>
  <datafield tag="035" ind1=" " ind2=" ">
    <subfield code="a">OCLC ocm04299716 from D970916M</subfield>
    <subfield code="a">(BD-RjUL)15429</subfield>
  </datafield>
  <datafield tag="040" ind1=" " ind2=" ">
    <subfield code="a">ABC</subfield>
    <subfield code="c">ABC</subfield>
    <subfield code="d">UKM</subfield>
    <subfield code="d">BD-RjUL</subfield>
    <subfield code="b">eng</subfield>
  </datafield>
  <datafield tag="041" ind1=" " ind2=" ">
    <subfield code="a">eng</subfield>
  </datafield>
  <datafield tag="082" ind1="0" ind2="4">
    <subfield code="a">632.96</subfield>
    <subfield code="2">18</subfield>
    <subfield code="b">INE 1965</subfield>
  </datafield>
  <datafield tag="090" ind1=" " ind2=" ">
    <subfield code="a">QR111</subfield>
    <subfield code="b">.I55 1963</subfield>
  </datafield>
  <datafield tag="110" ind1="2" ind2=" ">
    <subfield code="a">International Symposium on Factors Determining the Behavior of Plant Pathogens in Soil, Berkeley, Calif., 1963.</subfield>
    <subfield code="9">47784</subfield>
  </datafield>
  <datafield tag="245" ind1="1" ind2="0">
    <subfield code="a">Ecology of soil-borne plant pathogens :</subfield>
    <subfield code="b">prelude to biological control /</subfield>
    <subfield code="c">edited by Kenneth F. Baker and William C. Snyder [with] R. R. Baker ... [et al.].</subfield>
  </datafield>
  <datafield tag="260" ind1=" " ind2=" ">
    <subfield code="a">London :</subfield>
    <subfield code="b">John Murray,</subfield>
    <subfield code="c">1965.</subfield>
  </datafield>
  <datafield tag="300" ind1=" " ind2=" ">
    <subfield code="a">571 p. :</subfield>
    <subfield code="b">ill. ;</subfield>
    <subfield code="c">28 cm.</subfield>
  </datafield>
  <datafield tag="500" ind1=" " ind2=" ">
    <subfield code="a">Organized by a Committee on Biological Control of Soil-Borne Plant Pathogens, National Research Council.</subfield>
  </datafield>
  <datafield tag="500" ind1=" " ind2=" ">
    <subfield code="a">"Sponsored by the Agricultural Board, National Academy of Sciences - National Research Council."</subfield>
  </datafield>
  <datafield tag="504" ind1=" " ind2=" ">
    <subfield code="a">Includes bibliographies Index.</subfield>
  </datafield>
  <datafield tag="650" ind1=" " ind2="0">
    <subfield code="a">Soil microbiology</subfield>
    <subfield code="x">Congresses.</subfield>
    <subfield code="9">47779</subfield>
  </datafield>
  <datafield tag="650" ind1=" " ind2="0">
    <subfield code="a">Plant diseases</subfield>
    <subfield code="x">Congresses.</subfield>
    <subfield code="9">46350</subfield>
  </datafield>
  <datafield tag="700" ind1="1" ind2=" ">
    <subfield code="a">Baker, Kenneth F.</subfield>
    <subfield code="q">(Kenneth Frank),</subfield>
    <subfield code="d">1908-1996</subfield>
    <subfield code="9">47780</subfield>
  </datafield>
  <datafield tag="700" ind1="1" ind2=" ">
    <subfield code="a">Snyder, William Cowperthwaite,</subfield>
    <subfield code="d">1904-</subfield>
    <subfield code="9">47781</subfield>
  </datafield>
  <datafield tag="710" ind1="2" ind2=" ">
    <subfield code="a">National Research Council (U.S.).</subfield>
    <subfield code="b">Committee on Biological Control of Soil-Borne Plant Pathogens.</subfield>
    <subfield code="9">47782</subfield>
  </datafield>
  <datafield tag="710" ind1="2" ind2=" ">
    <subfield code="a">National Research Council (U.S.).</subfield>
    <subfield code="b">Agricultural Board.</subfield>
    <subfield code="9">47783</subfield>
  </datafield>
  <datafield tag="942" ind1=" " ind2=" ">
    <subfield code="2">ddc</subfield>
    <subfield code="c">BK</subfield>
  </datafield>
  <datafield tag="999" ind1=" " ind2=" ">
    <subfield code="c">15375</subfield>
    <subfield code="d">15375</subfield>
  </datafield>
  <datafield tag="952" ind1=" " ind2=" ">
    <subfield code="0">0</subfield>
    <subfield code="1">0</subfield>
    <subfield code="2">ddc</subfield>
    <subfield code="4">0</subfield>
    <subfield code="7">1</subfield>
    <subfield code="8">NFIC</subfield>
    <subfield code="a">RUCL</subfield>
    <subfield code="b">RUCL</subfield>
    <subfield code="c">Reading</subfield>
    <subfield code="d">1973-03-03</subfield>
    <subfield code="e">Black Well</subfield>
    <subfield code="g">6.00</subfield>
    <subfield code="l">0</subfield>
    <subfield code="o">632.96 INE 1965</subfield>
    <subfield code="r">2014-02-10 00:00:00</subfield>
    <subfield code="t">C-1</subfield>
    <subfield code="w">2014-02-10</subfield>
    <subfield code="y">BK</subfield>
  </datafield>
</record>
